01407nam a22001817a 4500003000900000005001700009008004100026040001300067100004300080245005800123260002100181300001800202490004300220520083100263942001201094999001901106952010001125IT-RoPau20220918181221.0140719b xxu||||| |||| 00| 0 eng d cIT-RoPau aPie Discepole del Divin Maestro933888 aLa vita in Cristo e nella Chiesa 2013bAnno 62 - 2013 aRomabPDDMc2013 aS.n.p.c26 cm aLa vita in Cristo e nella Chiesav2013 aElenco autori Gennaio 2013 Cruciani - Sirboni - Gironi - Carotta/Trudu - Trudu - Valli - Linder - Passiatore - Parenti - Redazione - Cravero - Soranzo - Ruspi - Redazione Febbraio 2013 Cruciani - Sirboni - Gironi - Carotta/Trudu - Redazione - Vona - Valli - Marceddu - Viviano - Cravero - Gazzotti - Ruspi - Soranzo - Redazione Marzo 2013 Cruciani - Sirboni - Gironi - Cravero - Viviano - Ruspi - Gazzotti - Linder - Carotta/Trudu - Valli - Marceddu - Soranzo - Ortese/Redazione Novembre 2013 Cruciani - Sirboni - Gironi - Carotta/Cruciani - Sorci - Valli - Costanzi - Barba - Piqué i collado - Viviano - Cravero - Gazzotti - Ruspi - Soranzo - Costa Dicembre 2013 Cruciani - Sirboni - Gironi - Cruciani - Carotta - Valli - Piqué i collado - Cigala - Cravero - Gazzotti - Ruspi - Soranzo - Viviano - Linder - Redazione 2ddccCR c104464d104464 00102ddc406P_D871aPAULUSbPAULUSd2014-07-19l0oP D8r2014-07-19 00:00:00w2014-07-19yCR